[Event "HCL-M010"]
[Site "www.playchess.de"]
[Date "2001.02.09"]
[Round "6"]
[White "phGM4233"]
[Black "babygenius"]
[WhiteElo "2200"]
[BlackElo "2200"]
[PlyCount "32"]
[Result "0-1"]

1.e4 {gl from texas}  e5 {thanks and let`s see if 
indiana can prove stronger}  2.Qh5 d6 {the 
gentlemen who started this line is my friend so we 
will c if u understand it}  3.Bc4 g6 4.Qf3 Qf6 
5.Nc3 {what is his name}  c6 {B.Parham and the 
system is called the Matrix, which i have used to 
win a state championship with.}  6.d3 Qxf3 7.Nxf3 
f6 8.Be3 Bg7 9.O-O-O Nh6 10.d4 Ng4 11.h3 Nxe3 
12.fxe3 Rf8 13.Rhf1 Ke7 14.d5 Nd7 15.Rd2 Bh6 
16.Rd3 Nc5 0-1

[Event "HCL-A069"]
[Site "www.playchess.de"]
[Date "2001.02.09"]
[Round "1"]
[White "raghavendrakarthik"]
[Black "paule"]
[WhiteElo "1585"]
[BlackElo "1910"]
[PlyCount "22"]
[Result "0-1"]

1.c4 e5 2.Nc3 f5 3.e4 d6 4.d3 Nf6 5.Bg5 Be7 6.exf5 
Bxf5 7.Bxf6 Bxf6 8.Qf3 Bc8 9.Nd5 O-O 10.Ne2 Bh4 
11.Qe3 Bxf2+ 0-1

[Event "ACL-E006"]
[Site "www.playchess.de"]
[Date "2001.02.09"]
[Round "7"]
[White "player27"]
[Black "Utesch"]
[WhiteElo "1699"]
[BlackElo "1738"]
[PlyCount "56"]
[Result "0-1"]

1.e4 {werde mal hier noch mitmischen *handshake* 
Viel Spass -andy}  c5 {Viel Erfolg! Gruß Wolfgang} 
 2.Nf3 { : )}  e6 3.d4 cxd4 4.Nxd4 Qb6 5.Nb3 Qc7 
6.Nc3 a6 7.Bd3 Nf6 8.O-O b5 9.a3 Bb7 10.Qe2 d6 
11.f4 Nbd7 12.Be3 Be7 13.Rae1 O-O 14.Kh1 Rac8 
15.Bg1 Nc5 16.Nc1 Nxd3 17.Nxd3 d5 18.exd5 Nxd5 
19.Nxd5 Bxd5 20.c3 Bc4 21.Qc2 Rfd8 22.Bd4 Bd6 
23.Re4 Bc5 24.Nxc5 Bxf1 25.Nxa6 Qb7 26.Nb4 f5 
27.Re1 Rxd4 28.Rxf1 Qd7 0-1

[Event "HCL-C155"]
[Site "www.playchess.de"]
[Date "2001.02.09"]
[Round "2"]
[White "archon"]
[Black "Nutz"]
[WhiteElo "1400"]
[BlackElo "1118"]
[PlyCount "36"]
[Result "0-1"]

1.e4 {good luck!}  e6 {same to you}  2.d4 d5 3.Nd2 
Nf6 4.e5 Nfd7 5.Bd3 c5 6.c3 c4 7.Be2 f6 8.exf6 
Nxf6 9.Ngf3 Ne4 10.Nxe4 dxe4 11.Nd2 Qh4 12.Nxc4 b5 
13.Ne5 Bd6 14.g3 Qh3 15.Bh5+ g6 16.Bxg6+ hxg6 
17.Qe2 Qg2 18.Qxb5+ Bd7 0-1

[Event "HCL-C156"]
[Site "www.playchess.de"]
[Date "2001.02.09"]
[Round "6"]
[White "Stefan"]
[Black "Michael_Schenk"]
[WhiteElo "1431"]
[BlackElo "1110"]
[PlyCount "30"]
[Result "0-1"]

1.e4 c5 2.Nf3 Nc6 3.d4 cxd4 4.Nxd4 Nf6 5.Nc3 g6 
6.Be3 Bg7 7.Qd2 a6 8.Bh6 Bxh6 9.Qxh6 Nxd4 10.O-O-O 
e5 11.Bc4 b6 12.Qg7 Rf8 13.Nd5 Nxd5 14.Bxd5 Qg5+ 
15.Kb1 Nc6 0-1

[Event "HCL-B151"]
[Site "www.playchess.de"]
[Date "2001.02.09"]
[Round "16"]
[White "Gruhni"]
[Black "Nils"]
[WhiteElo "1376"]
[BlackElo "1713"]
[PlyCount "38"]
[Result "0-1"]

1.e4 e5 2.Bc4 Nf6 3.d3 d5 4.exd5 Nxd5 5.Qf3 Be6 
6.Nc3 Bb4 7.Bd2 c6 8.Nxd5 Bxd2+ 9.Kxd2 cxd5 10.Bb3 
O-O 11.Re1 Nc6 12.Kc1 a5 13.Qd1 a4 14.Bxd5 Qxd5 
15.Nf3 Qxa2 16.Nxe5 Rfc8 17.Qf3 Nd4 18.Qxb7 Rxc2+ 
19.Kd1 {Glückwunsch zu Sieg! 13. Qd1 war wirklich 
mies :(}  Qb1+ {Danke!}  0-1

[Event "CCL-E009"]
[Site "www.playchess.de"]
[Date "2001.02.09"]
[Round "15"]
[White "joepechie"]
[Black "Jadamoves"]
[WhiteElo "2000"]
[BlackElo "2000"]
[PlyCount "70"]
[Result "1/2-1/2"]

1.e4 {Hello}  c5 {Hello}  2.Nf3 {What program are 
you using}  Nc6 {Gambit Tiger on a Pentium III 
866}  3.c3 {Using CM8000 on a old 166 system. I 
have updated my data to show program twice but it 
does not save}  d5 4.exd5 Qxd5 5.d4 Bg4 6.Be2 cxd4 
7.cxd4 e6 8.Nc3 Qa5 9.Bd2 Nf6 10.O-O Bb4 11.a3 
Bxc3 12.bxc3 Ne4 13.Rb1 Rb8 14.a4 O-O 15.Rb5 Qc7 
16.Ng5 Bxe2 17.Qxe2 Nxd2 18.Qxd2 h6 19.Ne4 Rfd8 
20.f4 Ne7 21.a5 b6 22.axb6 axb6 23.Rb3 Rba8 24.Qe2 
Nd5 25.g3 Rdc8 26.f5 exf5 27.Rxf5 Qd7 28.Rf1 f5 
29.Qb5 Qxb5 30.Rxb5 fxe4 31.Rxd5 Rxc3 32.Re5 e3 
33.Re1 Ra2 34.R5xe3 Rcc2 35.h4 Rcg2+ {I offer you 
a draw because I believe that it's a dead draw 
position.}  1/2-1/2

[Event "HCL-B155"]
[Site "www.playchess.de"]
[Date "2001.02.09"]
[Round "20"]
[White "Yogibear"]
[Black "Gruhni"]
[WhiteElo "1898"]
[BlackElo "1376"]
[PlyCount "74"]
[Result "1/2-1/2"]

1.Nf3 {Hi Andreas,viel Spass, schön dass man sich 
wiedertrifft!}  Nc6 {Hi Jürgen! Vor allem gut, das 
man hier seit 22.1. überhaupt wieder spielen 
kann!}  2.c4 {Ja stimmt, geht auch alles viel 
schneller!}  e5 3.Nc3 Nf6 4.g3 Bb4 5.Nd5 Be7 6.Bg2 
d6 7.O-O Be6 8.Qb3 Rb8 9.Nxe7 Qxe7 10.Qc3 O-O 
11.d3 Bg4 12.e3 Qd7 13.Ng5 h6 14.Ne4 Nxe4 15.Bxe4 
Bh3 16.Re1 Ne7 17.d4 exd4 18.exd4 Rfe8 19.d5 Bf5 
20.b4 Bxe4 21.Rxe4 Ng6 22.Bb2 f6 23.Re3 Rxe3 
24.Qxe3 b6 25.Qe4 Kf7 26.Re1 Re8 27.Qxe8+ Qxe8 
28.Rxe8 Kxe8 29.Kg2 Ne5 30.Bxe5 fxe5 31.Kf3 Kf7 
32.Ke4 Kf6 33.f4 exf4 34.Kxf4 g5+ 35.Ke4 h5 36.h3 
Kg6 37.b5 Kf6 1/2-1/2

[Event "HCL-B153"]
[Site "www.playchess.de"]
[Date "2001.02.09"]
[Round "14"]
[White "Jeff_Foster"]
[Black "Pelikan"]
[WhiteElo "1328"]
[BlackElo "1380"]
[PlyCount "47"]
[Result "1-0"]

1.d4 Nf6 2.c4 g6 3.Nc3 d5 4.cxd5 Nxd5 5.e4 Nxc3 
6.bxc3 Bg7 7.Bc4 c5 8.Ne2 O-O 9.O-O Nc6 10.Be3 Na5 
11.Bd3 c4 12.Bc2 Qc7 13.Qd2 Rd8 14.Bh6 Bf6 15.Qe3 
b6 16.f4 Bb7 17.f5 Bg7 18.Bxg7 Kxg7 19.e5 Qc6 
20.Rf3 h6 21.f6+ exf6 22.exf6+ Kh7 23.Bxg6+ fxg6 
24.Qe7+ 1-0

[Event "HCL-B162"]
[Site "www.playchess.de"]
[Date "2001.02.09"]
[Round "5"]
[White "Gruhni"]
[Black "pird"]
[WhiteElo "1412"]
[BlackElo "1498"]
[PlyCount "43"]
[Result "1/2-1/2"]

1.e4 {Hello!}  c6 {Hi}  2.Nf3 d5 3.e5 Bg4 4.h3 
Bxf3 5.Qxf3 e6 6.d4 c5 7.c3 Nc6 8.Bb5 cxd4 9.cxd4 
Bb4+ 10.Bd2 Bxd2+ 11.Nxd2 Nge7 12.O-O Qb6 13.Qd3 
O-O 14.Nb3 Rfc8 15.Bxc6 Nxc6 16.Rfc1 Nb4 17.Qd2 
Rxc1+ 18.Qxc1 a6 19.Qc5 Qxc5 20.Nxc5 b5 21.a3 Nc6 
22.Rd1 1/2-1/2

[Event "HCL-B165"]
[Site "www.playchess.de"]
[Date "2001.02.09"]
[Round "3"]
[White "Vampyr"]
[Black "Bauernopfer"]
[WhiteElo "1300"]
[BlackElo "1320"]
[PlyCount "55"]
[Result "1-0"]

1.e4 e5 {Good morning Vampyr. Where do you come 
from?}  2.Nf3 {from france}  Nc6 {I miss the flag 
next to your name.}  3.Bc4 Bc5 {.}  4.c3 Nf6 5.d4 
exd4 6.cxd4 {..}  Bb6 7.d5 {better Bb4+?}  Ne7 
{Maybe but I wanted to keep my bishop.}  8.e5 {Now 
try to keep your king safe}  Ng4 {:-)}  9.d6 Nxf2 
{Better: 0-0}  10.Qb3 {I am not sure.This move is 
more offensive}  Nxh1 {Sure?}  11.Bxf7+ {Kf8 is 
forced}  Kf8 {That´s right.}  12.Bg5 {i had 
thought more than 2 hours before playing d6!But 
Bg5 wins clearly}  cxd6 {Well, your position is 
strong but not yet a claer win.}  13.exd6 
{Question:May you cancel the mate ?}  Nf5 {Yes, 
but I lose my Queen.}  14.Bxd8 Bxd8 15.Qd3 {would 
you ive up?}  g6 {Not now.}  16.Qc3 Ng7 {.}  
17.Bd5 h5 {Unfortunately you always move right. 
Merde! (=shit or?)}  18.Nbd2 {i am not sure at the 
end}  Rh6 {Question: Is your name really dracula?} 
 19.Ke2 {no Arnaud}  Ne6 {I read on your profile 
page: Arnaud Dracula}  20.Bxe6 {it is a joke}  
dxe6 {I thought this.}  21.Rxh1 Bd7 {.}  22.Ne5 
{Your position is hopeless.Give up}  Bb5+ 23.Ndc4 
Kg8 24.Qf3 Rh7 25.Rf1 Bg5 26.b3 {you are mate in 
few move}  Bxc4+ {I think it is a draw.}  27.bxc4 
{No or is it a joke?}  Rg7 {Well, it was more a 
joke.}  28.d7 1-0

[Event "HCL-B158"]
[Site "www.playchess.de"]
[Date "2001.02.09"]
[Round "2"]
[White "plobi"]
[Black "Bauernopfer"]
[WhiteElo "1234"]
[BlackElo "1320"]
[PlyCount "47"]
[Result "1/2-1/2"]

1.d4 {hy, so sieht man sich wieder! also, auf eine 
faire revanche ...}  d5 {Ja, seit langem wieder 
unsere erste Partie. Und dann Damengambit. :-(}  
2.c4 {ach, die magst du doch eh so gern! außerdem 
haben wir das ja noch nie gespielt ... *g*}  e6 
{Mach dich über mich nicht lustig! Naja, die 
Gruppe wird sehr interessant.}  3.Nf3 {mach ich 
doch nicht! hab außer dir und gruhni noch keinen 
gesehen!!}  Nf6 {Jeff Foster spielt gut. Damit ist 
zur Zeit alles drin in dieser Gruppe}  4.Nc3 {hab 
ich schon bemerkt! spielt ein sehr solide und 
starke eröffnung!}  dxc4 {Magst du eigentlich 
Skispringen. Am Wochenende sind die Springer ja in 
Willingen (Hessen).}  5.e4 {klar! doch momentan 
schau ich nur ski-wm in st. anton (tirol)!!}  Nc6 
{An der Arbeit??? Nein, ein Freund hat für 
Willingen eine Karte gewonnen. Und ich net. :-(}  
6.Bg5 {nein, ich wollte sagen, ich hab keine zeit 
um skispringen zu schauen, da zur gleich zeit wm 
ist!!}  h6 {And the winner are: Der Herminator und 
Adam Malycz (wie schreibt man das nur)}  7.Bxf6 
Qxf6 {Das alte 9er Turnier wird wohl Gruhni 
gewinnen. Habe aufgeholt, aber es wird nicht mehr 
reichen.}  8.Bxc4 {ja leider, das direkte duell 
gegen ihn wird das turnier zu seinen gunsten 
entscheiden ...}  Bb4 {Morgen, Willingen war für 
Deutschland ein flop, St. Anton für Österreich.}  
9.O-O {tja, der ösv-cheftrainer ist gestern nacht 
tödlich verunglückt und 2 springer mittelschwer 
verletzt!}  O-O {Ja, habe ich heute morgen auch in 
den Nachrichten gehört. Unfall bei Kempten.}  
10.Bb5 {genau! ist ziemlich tragisch! er 
hinterläßt eine frau und 2 kinder!}  Ne7 {Ich 
nehme an Unfallursache war überhöhte 
Geschwindigkeit. Dann muß man immer mit so etwas 
rechnen.}  11.Qb3 {und, wie fühlst du dich in 
dieser partie??}  Bxc3 {Gut, wieso? Willst du 
wieder Remis anbieten?}  12.Qxc3 {ne, wo denkst du 
hin?! frag nur, weil es ja nicht deine 
lieblingseröffnung ist!}  c6 {Ich habe am Anfang 
keine Figur eingestellt und die Stellung sieht in 
Ordnung aus. Ich bin zufrieden.}  13.Bd3 {jaja, 
freu dich nur nicht zu früh! aber stimmt, du hast 
dazu gelernt!}  Ng6 {Ich höre Spot aus deinen 
Worten.}  14.e5 {ne, kein spott! unsere partien 
sind eh immer so ausgeglichen!!}  Qd8 
{Interessiert dich eigentlich auch Basketball. Am 
Samstag hat Gießen gegen Berlin verloren.}  
15.Bxg6 {nein, nicht wirklich! in deutschland 
interessiert mich nur die bundesliga ...}  fxg6 
{Schade. Aber in unserer Region sind halt die 
Topsportarten Basketball und Handball.}  16.Rfc1 
{handball hat mich mal interessiert ... aber seit 
ich selbst nicht mehr spiele ...}  Qd5 {Habe vor 
langer Zeit auch mal Handb. gespielt. Mit 
Lützellinden haben wir hier die beste dt. Frauenm} 
 17.Qd3 {touche!}  g5 {In welchem Zusammenhang?}  
18.Rc5 {ach, ist mir nur so eingefallen ... *g*}  
Qd7 {Glück muß man haben: Kann in einer verlorenen 
Partie (Joachim) Dauerschach geben.}  19.Rac1 
{tja, gruhni hat gegen mich aufgegeben! hab meine 
revanche recht gut genützt ...}  Qf7 {Hab ich 
gesehen. Gegen Jeff Foster hat er auch verloren.}  
20.Qe3 {ja, gegen jeff wirds hart - der typ spielt 
echt stark!}  Bd7 {Dieser Freddy Rick geht mir 
echt auf den Sack. Gegen Gruhni und sarek spielt 
er, gegen mich nicht.}  21.Nd2 {ja, dem fehlt ein 
bischen der plan ... *g*}  Qf4 {Da gibt es noch 
andere so Spezialisten: awadd: spielt nur gegen 
mich und Gruhni}  22.Ne4 {aber der schwächste, 
gegen den ich je gespielt habe, ist smutje: matt 
in 15 zügen ...}  Qxe3 {Noch nie gegen ihn 
gespielt, aber vielleicht hatte er nur einen 
"schlechten Tag".}  23.fxe3 {ne, spielt jetzt den 
gleichen müll wieder! der hat die partie schon 
nach 3 eröffnungszügen verloren!}  b6 {Ja, sieht 
schon ein wenig komisch aus.}  24.R5c3 {tja, was 
soll ich zu dieser stellung noch sagen ...} 
 1/2-1/2

[Event "HCL-B158"]
[Site "www.playchess.de"]
[Date "2001.02.09"]
[Round "9"]
[White "assmonkey"]
[Black "plobi"]
[WhiteElo "1200"]
[BlackElo "1234"]
[PlyCount "64"]
[Result "0-1"]

1.e4 {Viel Glück}  Nf6 {thanx}  2.Nc3 d5 
{buongiorno!}  3.e5 {Are you a native Austrian or 
are you originally from Italy?}  Ne4 {no, I am an 
original Austrian!!!}  4.Nxe4 {I have been to 
Austria. Vienna, Kirshlag and Bad Voslava.}  dxe4 
{you mean Bad Vöslau?! the other one I don't know 
...}  5.d4 {Yes, that is probably it.  I used to 
play soccer when I was younger.  We played there.} 
 d3 {were are you from??}  6.Bxd3 {Boston, 
northeastern part of America.}  Nc6 {the only 
place I have been in America was Mexico - but this 
in Middle-America I guess ...}  7.Nf3 {Mexico is 
part of North America, the contintent, but is not 
part of the United States.}  Bg4 {ups! nobody is 
perfect ... *g*}  8.Bf4 Qd5 9.O-O {I definately 
not perfect, I just dropped a bishop to Foster.  I 
hate c4 openings.}  O-O-O {I normaly play with 
white c4 or d4 - openings ...}  10.h3 {I stick to 
e4 because of my lack of opening knowlege.  I get 
into trouble if I play d4 with white.}  Bxf3 
11.Qxf3 Qxf3 12.gxf3 g5 13.Bg3 Bg7 14.Rad1 Nxe5 
{touche}  15.Bxe5 Bxe5 16.Bf5+ e6 17.Be4 f5 18.Bd3 
Bxb2 19.Rfe1 {Not much I could do about that.}  
Rhe8 20.Kg2 Bc3 21.Reg1 Rd4 22.Rdb1 Red8 23.Rb3 
Ba5 24.Rgb1 Bb6 25.R3b4 c6 26.f4 gxf4 27.Rxd4 Rxd4 
28.f3 Ra4 29.Re1 Kd7 30.Re2 Rxa2 31.Bc4 Ra5 
32.Bxe6+ Kd6 0-1

[Event "HCL-C178"]
[Site "www.playchess.de"]
[Date "2001.02.09"]
[Round "5"]
[White "craigsadler"]
[Black "dg"]
[WhiteElo "354"]
[BlackElo "1110"]
[PlyCount "28"]
[Result "0-1"]

1.e4 e5 2.Nf3 Nc6 3.Bc4 Nf6 4.Ng5 d5 5.exd5 Nxd5 
6.Nxf7 Kxf7 7.Qf3+ Qf6 8.Qxd5+ Be6 9.Qb5 Nd4 
10.Bxe6+ Qxe6 11.Qxb7 Bd6 12.Qe4 Qg6 13.Qd5+ Qe6 
14.Qc4 Qxc4 0-1

[Event "ACL-A093"]
[Site "www.playchess.de"]
[Date "2001.02.09"]
[Round "4"]
[White "patzer"]
[Black "deepcover"]
[WhiteElo "1500"]
[BlackElo "1735"]
[PlyCount "23"]
[Result "1/2-1/2"]

1.d4 Nf6 2.c4 e6 3.Nc3 Bb4 4.Qc2 O-O 5.a3 Bxc3+ 
6.Qxc3 b6 7.Bg5 Bb7 8.e3 d6 9.Nf3 Nbd7 10.Be2 c5 
11.O-O Ne4 12.Bxd8 1/2-1/2

[Event "ACL-A093"]
[Site "www.playchess.de"]
[Date "2001.02.09"]
[Round "11"]
[White "patzer"]
[Black "King_Kong"]
[WhiteElo "1500"]
[BlackElo "1500"]
[PlyCount "53"]
[Result "1-0"]

1.e4 Nf6 2.e5 Nd5 3.c4 Nb4 4.a3 N4c6 5.d4 d6 6.d5 
Nxe5 7.f4 Nxc4 8.Bxc4 Nd7 {Don´t worry ! Be 
happy!}  9.Bb5 {Meine Stellung ist ziemlich 
"aufgerissen"...}  e5 {Gibt schlimmeres !}  10.Nf3 
exf4 {Was bedeutet eigentlich ACL ?}  11.Bxf4 
{Auch neu hier? :) - ACL ist Computerhilfe erlaubt 
(ich spiele aber ohne) und HCL ohne 
Computerhilfe.}  c6 {Danke und ja , ich bin neu 
hier ! Das ict mein erstes Spiel hier ! Und du ?}  
12.dxc6 {Bin seit Dienstag dabei. Schon ein remis 
und eine Niederlage...}  bxc6 {Nein ! 2 
Niederlagen ! Die hier mitzählen ! ;-) !}  13.Bxc6 
{Will ich mal nicht hoffen! :)}  Qa5+ {muß leider 
gehen !}  14.Qd2 {Okay, bis später...}  Qf5 {habe 
einen Termin vergessen , bin aber wieder da}  
15.Bxa8 {Die zweite Niederlage kann es nicht mehr 
werden. Vielleicht die dritte :)}  Nb6 {Tut mir 
leid!Wer war´s denn? Den mache ich fertig !}  
16.Bc6+ {"craigsadler" aber in HCL}  Bd7 {Erzähl 
mal was von dir !}  17.Bxd7+ {Da gibt es nichts :) 
Wie alt bist du eigentlich? Ich selbst 18...}  
Nxd7 {Werd bald 17 . Und sonst ?}  18.O-O {Was 
würde dich interessieren?}  Qc5+ 
{Hobby's,Wohnort,Job,Interessen u.s.w.}  19.Qf2 
{Schach, Mainz, Arbeitslos, Schach :)}  Qxf2+ 
{billard,Duisburg,Ausbildung als technischer 
Assestent für Betriebsinformatik,Viele}  20.Kxf2 
{Die nächste Partie ist verloren! :( Nach 7 oder 8 
Zügen verliere ich meine Dame!}  Nc5 {momentan 
stehst du aber besser als ich ! Also ...}  21.Rd1 
{Abwarten...}  Ne4+ 22.Kg1 a5 23.Nc3 Nc5 {Haste 
schon mir dakini gespielt ? Lustiger Gegner !}  
24.Bxd6 {Bis jetzt noch nicht...}  Bxd6 {Neuer Tag 
, neues Glück!}  25.Rxd6 {Bin heute nur bis ca. 
18.00 Uhr online...}  Nb3 26.Re1+ Kf8 
27.Rd8+ 1-0

[Event "HCL-A027"]
[Site "www.playchess.de"]
[Date "2001.02.09"]
[Round "1"]
[White "Nils"]
[Black "teenspirit"]
[WhiteElo "2026"]
[BlackElo "1968"]
[PlyCount "37"]
[Result "1-0"]

1.e4 c5 2.Nf3 e6 3.Nc3 a6 4.d4 cxd4 5.Nxd4 Qc7 
6.Bd3 Nf6 7.O-O Bc5 8.Nb3 Ba7 9.Bg5 d6 10.Bxf6 
gxf6 11.Qg4 Nc6 12.Qg7 Rf8 13.Qxf6 Ne5 14.Rad1 Rg8 
15.Bb5+ Kf8 16.Be2 b5 17.a3 Bb7 18.Nd4 Bc5 
19.Nxe6+ 1-0

[Event "HCL-A027"]
[Site "www.playchess.de"]
[Date "2001.02.09"]
[Round "2"]
[White "aldi"]
[Black "Nils"]
[WhiteElo "1700"]
[BlackElo "2026"]
[PlyCount "77"]
[Result "1-0"]

1.e4 e5 2.d4 exd4 3.Qxd4 Nc6 4.Qe3 Nf6 5.Nc3 Bb4 
6.Bd2 O-O 7.O-O-O Re8 8.Bc4 Bxc3 9.Bxc3 Nxe4 
10.Qf4 Re7 11.Bxf7+ Kh8 12.Bb3 Nxc3 13.bxc3 d6 
14.Nf3 Qe8 15.Rhe1 Bd7 16.Bd5 Be6 17.Bxc6 bxc6 
18.Qe4 Kg8 19.Ng5 Qh5 20.Nxe6 Rae8 21.Qxc6 R7xe6 
22.Rxe6 Rxe6 23.Qxc7 Qg5+ 24.Kb2 Qxg2 25.Rxd6 Rxd6 
26.Qxd6 Qxf2 27.Kb3 Qg1 28.c4 Qb1+ 29.Kc3 Qa1+ 
30.Kd2 Qxa2 31.c5 Kf7 32.Qd7+ Kf6 33.Qd8+ Ke5 
34.c6 Qa3 35.c7 Qb4+ 36.c3 Qb2+ 37.Kd3 Qb1+ 38.Ke2 
Qc1 39.Qd4+ 1-0

[Event "HCL-A027"]
[Site "www.playchess.de"]
[Date "2001.02.09"]
[Round "3"]
[White "teenspirit"]
[Black "aldi"]
[WhiteElo "1968"]
[BlackElo "1700"]
[PlyCount "32"]
[Result "0-1"]

1.Nc3 e5 2.a3 d5 3.d4 exd4 4.Qxd4 Nf6 5.Bg5 Nc6 
6.Qd3 d4 7.Ne4 Be7 8.O-O-O Ng4 9.Bxe7 Qxe7 10.Nh3 
O-O 11.g3 Bf5 12.Bg2 Rfe8 13.f3 Ne3 14.Rdg1 Nxg2 
15.Rxg2 Bxh3 16.Rgg1 Bf5 0-1

[Event "HCL-A027"]
[Site "www.playchess.de"]
[Date "2001.02.09"]
[Round "4"]
[White "Nils"]
[Black "schachinfo_de"]
[WhiteElo "2026"]
[BlackElo "1414"]
[PlyCount "67"]
[Result "1-0"]

1.e4 c5 2.Nc3 e6 3.Nf3 Nc6 4.Bc4 Nge7 5.d4 cxd4 
6.Nxd4 Nxd4 7.Qxd4 Nc6 8.Qe3 Bb4 9.a3 Ba5 10.O-O 
Bb6 11.Qg3 Qf6 12.Bg5 Qg6 13.Bf4 Nd4 14.Rac1 O-O 
15.Qxg6 fxg6 16.Be3 Kh8 17.e5 Rf5 18.Na4 Nf3+ 
19.gxf3 Bxe3 20.fxe3 Rxe5 21.Rcd1 d5 22.e4 Bd7 
23.Nc3 dxc4 24.Rxd7 b5 25.f4 Rc5 26.Re7 a5 27.Rxe6 
b4 28.axb4 axb4 29.Nd5 b3 30.cxb3 cxb3 31.Rb6 Kg8 
32.Rxb3 Ra4 33.Rb8+ Kf7 34.Rb7+ 1-0

[Event "HCL-A027"]
[Site "www.playchess.de"]
[Date "2001.02.09"]
[Round "6"]
[White "aldi"]
[Black "schachinfo_de"]
[WhiteElo "1700"]
[BlackElo "1414"]
[PlyCount "33"]
[Result "1-0"]

1.c4 e5 2.Nc3 Nf6 3.g3 c6 4.Nf3 Qc7 5.d4 e4 6.Bf4 
d6 7.Nd2 Bf5 8.Bg2 Qb6 9.Ndxe4 Nxe4 10.Nxe4 Bxe4 
11.Bxe4 Qxb2 12.O-O Be7 13.Qd3 Qb6 14.Rab1 Qc7 
15.c5 b6 16.Qa3 O-O 17.cxd6 1-0

[Event "HCL-A027"]
[Site "www.playchess.de"]
[Date "2001.02.09"]
[Round "7"]
[White "damage_kase"]
[Black "Nils"]
[WhiteElo "1281"]
[BlackElo "2026"]
[PlyCount "50"]
[Result "0-1"]

1.d4 Nf6 2.Nf3 d5 3.e3 Bf5 4.Bd3 Bxd3 5.Qxd3 Nbd7 
6.O-O e6 7.Nbd2 Be7 8.c4 O-O 9.b3 a5 10.a4 c5 
11.Nb1 Rc8 12.Nc3 Nb6 13.Nb5 dxc4 14.bxc4 cxd4 
15.Qxd4 Rxc4 16.Qxd8 Rxd8 17.Bd2 Rxa4 18.Rxa4 Nxa4 
19.Ra1 Bb4 20.Bxb4 axb4 21.Kf1 Nc5 22.Ke2 Nfe4 
23.Rb1 Ra8 24.Kf1 Kf8 25.Ne5 Nd2+ 0-1

[Event "HCL-A027"]
[Site "www.playchess.de"]
[Date "2001.02.09"]
[Round "8"]
[White "teenspirit"]
[Black "damage_kase"]
[WhiteElo "1968"]
[BlackElo "1281"]
[PlyCount "75"]
[Result "1-0"]

1.d4 d5 2.Nf3 Nf6 3.c4 e6 4.Nc3 Be7 5.Bf4 O-O 6.e3 
c5 7.cxd5 Nxd5 8.Nxd5 Qxd5 9.Be2 Nc6 10.dxc5 Qxc5 
11.O-O Bf6 12.Bd6 Qd5 13.Qxd5 exd5 14.Bxf8 Kxf8 
15.Rad1 Be6 16.Rd2 Rc8 17.Rc1 g6 18.Bb5 Ke7 19.Kf1 
a6 20.Bxc6 Rxc6 21.Rxc6 bxc6 22.Nd4 Bd7 23.b4 Be5 
24.Rc2 Kd6 25.Nb3 h5 26.Nc5 Bc8 27.f4 Bf6 28.e4 
Be7 29.exd5 Kxd5 30.Re2 Kd6 31.Re3 Be6 32.Nxe6 
fxe6 33.Rd3+ Kc7 34.a3 Bf6 35.Rg3 Kb6 36.Rxg6 Bc3 
37.Rxe6 Kb5 38.f5 1-0

[Event "HCL-A027"]
[Site "www.playchess.de"]
[Date "2001.02.09"]
[Round "9"]
[White "damage_kase"]
[Black "aldi"]
[WhiteElo "1281"]
[BlackElo "1700"]
[PlyCount "51"]
[Result "1/2-1/2"]

1.e4 e5 2.Nf3 Nc6 3.Bc4 Bc5 4.c3 Nf6 5.d4 exd4 
6.cxd4 Bb4+ 7.Bd2 Bxd2+ 8.Nbxd2 d5 9.exd5 Nxd5 
10.Qb3 Nce7 11.O-O O-O 12.Rfe1 c6 13.Ne4 h6 14.Ne5 
Nf5 15.Rad1 Qb6 16.Qxb6 axb6 17.Nc3 Nxc3 18.bxc3 
Nd6 19.Bb3 Bf5 20.Nc4 Nxc4 21.Bxc4 b5 22.Bb3 Rfe8 
23.Kf1 Rxe1+ 24.Rxe1 Bd3+ 25.Kg1 Kf8 
26.f3 1/2-1/2

[Event "HCL-A027"]
[Site "www.playchess.de"]
[Date "2001.02.09"]
[Round "10"]
[White "schachinfo_de"]
[Black "damage_kase"]
[WhiteElo "1414"]
[BlackElo "1281"]
[PlyCount "28"]
[Result "0-1"]

1.d4 d5 2.c4 e6 3.Nc3 Nf6 4.Bg5 Be7 5.Nf3 O-O 6.e3 
Nbd7 7.Bd3 c5 8.cxd5 exd5 9.dxc5 Nxc5 10.O-O Nxd3 
11.Qxd3 b6 12.Rad1 Bg4 13.b3 Bxf3 14.g3 
Bxd1 0-1

[Event "HCL-A027"]
[Site "www.playchess.de"]
[Date "2001.02.09"]
[Round "11"]
[White "Nils"]
[Black "mariuszk"]
[WhiteElo "2026"]
[BlackElo "1975"]
[PlyCount "48"]
[Result "0-1"]

1.e4 Nf6 2.e5 Nd5 3.d4 d6 4.Nf3 Bg4 5.Be2 c6 6.O-O 
Bxf3 7.Bxf3 dxe5 8.dxe5 e6 9.c4 Ne7 10.Qxd8+ Kxd8 
11.b3 Nd7 12.Re1 Ng6 13.Bb2 Bb4 14.Re3 Ke7 15.Bg4 
Ba5 16.Na3 Rad8 17.Nc2 Bb6 18.Re4 Nc5 19.Ba3 Rd2 
20.Rc1 Rhd8 21.Re3 Ke8 22.Bb4 R2d7 23.Be2 Na6 
24.Re4 Nxb4 0-1